<?xml version="1.0" encoding="UTF-8"?>
<collection xmlns:xsi="http://www.w3.org/2001/XMLSchema-instance" xsi:schemaLocation="http://www.loc.gov/MARC21/slim http://www.loc.gov/standards/marcxml/schema/MARC21slim.xsd" xmlns="http://www.loc.gov/MARC21/slim">
 <record>
  <leader>00000ctm a22000004a 4500</leader>
  <controlfield tag="001">UP-99796217613410253</controlfield>
  <controlfield tag="003">Buklod</controlfield>
  <controlfield tag="005">20200622153909.0</controlfield>
  <controlfield tag="006">m     o  j        </controlfield>
  <controlfield tag="007">ta</controlfield>
  <controlfield tag="008">010215s2000    xx      r    |||| u|eng d</controlfield>
  <datafield tag="035" ind1=" " ind2=" ">
   <subfield code="a">(iLib)UPD-00516571994</subfield>
  </datafield>
  <datafield tag="041" ind1=" " ind2=" ">
   <subfield code="a">eng</subfield>
  </datafield>
  <datafield tag="042" ind1=" " ind2=" ">
   <subfield code="a">DMLUC</subfield>
  </datafield>
  <datafield tag="090" ind1=" " ind2=" ">
   <subfield code="a">LG 995 2000 L4</subfield>
   <subfield code="b">B37</subfield>
  </datafield>
  <datafield tag="100" ind1="1" ind2=" ">
   <subfield code="a">Baradas, Josephine Cecilia L.</subfield>
   <subfield code="e">author.</subfield>
  </datafield>
  <datafield tag="245" ind1="1" ind2="0">
   <subfield code="a">The organization of Philippine vocal and instrumental scores in selected academic music libraries in Metro Manila</subfield>
   <subfield code="b">a survey</subfield>
   <subfield code="c">by Josephine Cecilia L. Baradas ; Rosalie B. Faderon, adviser ; Ruben P. Marasigan, reader.</subfield>
  </datafield>
  <datafield tag="264" ind1=" " ind2="1">
   <subfield code="a">Quezon City : Institute of Library Science, University of the Philippines Diliman</subfield>
   <subfield code="c">2000.</subfield>
  </datafield>
  <datafield tag="300" ind1=" " ind2=" ">
   <subfield code="a">xxii, [186] leaves</subfield>
  </datafield>
  <datafield tag="500" ind1=" " ind2=" ">
   <subfield code="a">Computer print out.</subfield>
  </datafield>
  <datafield tag="500" ind1=" " ind2=" ">
   <subfield code="a">Vita.</subfield>
  </datafield>
  <datafield tag="502" ind1=" " ind2=" ">
   <subfield code="a">Special Problem (Master of Library Science)--University of the Philippines Diliman</subfield>
   <subfield code="d">March 2000.</subfield>
  </datafield>
  <datafield tag="520" ind1="3" ind2=" ">
   <subfield code="a">The purpose of this study was to determine the following : types of format of Philippine vocal and instrumental music scores that are cataloged in six music libraries in Metro Manila, namely: PWU, SIC, SPCM, SSC, UST, and UPCM; levels of bibliographic description utilized for these scores; sufficiency of the subject authority lists for subject heading assignment for Philippine music scores; provision of additional subject headings; and classification systems adopted for these scores.  The music scores analyzed were the published and unpublished Philippine vocal and instrumental music scores composed during the early nineteenth century to the present.  This study used the descriptive survey method consisting of questionnaires and interviews.</subfield>
  </datafield>
  <datafield tag="520" ind1="3" ind2=" ">
   <subfield code="a">The results of the study show that the four types of bound and unbound Philippine music scores are the music textbooks, music albums, music sheets and music manuscripts. Majority of the libraries have cataloged the Philippine music scores found in music textbooks. Five (83 percent) libraries catalog the published  Philippine music album while one library (1 percent) (SPCM) has  an improvised style of bibliographic description.  Three libraries (50 percent) were able to catalog the Philippine music sheets based on AACR2 while one library (1 percent) (SPCM) has utilized another system.  Due to numerous acquisitions of music manuscripts, UPCM has substituted an author/title index for the card catalog.  PWU has managed to catalog its music manuscripts while in SSC, the music manuscripts remained uncataloged.  No manuscripts were found in UST, SIC and SPCM.</subfield>
  </datafield>
  <datafield tag="520" ind1="3" ind2=" ">
   <subfield code="a">Majority of the librarians/catalogers have come up with thier own improvised subject headings for Philippine music scores.  The subject authority lists, i.e., Sears List and LCSH seem to be insufficient in that the music libraries needed to improvise the subject headings assigned to Philippine music scores and music books.  Majority of the libraries have classified their Philippine music collection of scores as Filipiniana mateials.  Two (33 percent) libraries used the DDC system while three (50 percent) libraries make use of the LCC scheme.  One (17 percent) library make use of an improvised classification scheme.</subfield>
  </datafield>
  <datafield tag="520" ind1="3" ind2=" ">
   <subfield code="a">The recommendations put forth are: 1) librarians without music background and who are assigned to music libraries must provide time to attend some of the music classes offered in their respective music departments; 2) an association of librarians/catalogers must be established to prepare the cataloging in publication for all published and unpublished Philippine music compositions; 3) resource sharing is recommended for the libraries that are in need  of Philippine music materials; 4) the notes area should  be enhanced by additional  information such as: type of notation, first line of a vocal composition, duration of the music piece, and range and key signatures of vocal works; 5) for better access to Philippine music compositions, a review, analysis, and compilation of variant subject headings used or the improvised ones, must be made; 6) the form of music composition and subject content of every music score must be reflected in the subject entries; 7) a compilation or an index of Philippine music tunes and themes must be made; and 8) a list of subject headings applicable to Filipino music compositions be established.</subfield>
  </datafield>
  <datafield tag="650" ind1=" " ind2="0">
   <subfield code="a">Cataloging of music</subfield>
   <subfield code="z">Philippines</subfield>
   <subfield code="z">Manila Metropolitan Area.</subfield>
  </datafield>
  <datafield tag="650" ind1=" " ind2="0">
   <subfield code="a">Music libraries</subfield>
   <subfield code="z">Philippines</subfield>
   <subfield code="z">Manila Metropolitan Area.</subfield>
  </datafield>
  <datafield tag="700" ind1="1" ind2=" ">
   <subfield code="a">Faderon, Rosalie B.</subfield>
   <subfield code="e">adviser.</subfield>
  </datafield>
  <datafield tag="700" ind1="1" ind2=" ">
   <subfield code="a">Marasigan, Ruben P.</subfield>
   <subfield code="e">reader.</subfield>
  </datafield>
  <datafield tag="905" ind1=" " ind2=" ">
   <subfield code="a">FI</subfield>
  </datafield>
  <datafield tag="905" ind1=" " ind2=" ">
   <subfield code="a">UP</subfield>
  </datafield>
  <datafield tag="852" ind1="0" ind2=" ">
   <subfield code="a">UPD</subfield>
   <subfield code="b">DLS</subfield>
   <subfield code="h">LG 995 2000 L4 B37</subfield>
  </datafield>
  <datafield tag="942" ind1=" " ind2=" ">
   <subfield code="a">Thesis</subfield>
  </datafield>
 </record>
</collection>
